Guitar Brands - Statistics

General Stats
  • This quiz has been taken 102 times
  • The average score is 7 of 15
Answer Stats
Answer % Correct
7 Gibson
100%
6 Fender
99%
9 Ibanez
84%
4 Epiphone
69%
10 Jackson
60%
8 Gretsch
47%
15 Yamaha
45%
5 ESP
41%
12 PRS
40%
13 Schecter
37%
14 Squire
29%
1 B.C. Rich
25%
11 Music Man
21%
2 Charvel
18%
3 Danelectro
16%
No matching quizzes found
Score Distribution
Percent of People with Each Score
Percentile by Number Answered
Your Score History
You have not taken this quiz